000 01226nam a2200337 c 4500
999 _c345698
_d345698
003 BLK
005 20240821092308.0
008 180911b bul|||||r ||||||| ||bul||
010 _a003499
040 _aBLK
041 _aDEU
_cDEU
080 _z830(081.1)
100 _aSchiller, Friedrich
_d1759 - 1805
_qШилер, Йохан Кристоф Фридрих
_9274090
245 0 0 _aSchillers Samtliche Werke
_nBd. 4
_bBd. 1-16
_cFriedrich Schiller
250 _aSäkular-Ausgabe
260 _aStuttgart et al.
_bJ.G. Cotta'sche Buchhandlung
_cs.a
_9397744
300 _c20 см
380 _aX
490 _aЧастна колекция - Академик Михаил Арнаудов
_gДарение - Основен фонд
500 _aПодчертавания в текста : Т. 1, 11, 12, 16.
520 _aМихаил Арнаудов: негови-книга
655 _aнемска литература
_9396397
760 _aSchiller, Friderich
_hXLIV, 332 с.
_oBd. 4 Don Carlos
852 _aМА 509
_bМА
942 _cKNG
_n0
_s1
944 _aCR
_c1995
_k30560
_lГеновева Генчева
999 _d345697
999 _d345696
999 _d343838
999 _d343838